000 00748nam a2200229 i 4500
001 83707
003 ES-MaACL
005 20230906174858.0
007 t|
008 041118s1943 sp ||||1| spa d
080 _a821.134.2-7"19"
100 1 _aJardiel Poncela, Enrique.
_966113
245 1 3 _aEl libro del convaleciente :
_b(inyecciones de alegría para hospitales y sanatorios) /
_cEnrique Jardiel Poncela.
250 _a2ª ed. con notas.
260 _aMadrid :
_bBiblioteca Nueva,
_c1943 (
_eSegovia :
_fEl Adelantado)
300 _a469 p. :
_bil. ;
_c20 cm.
490 1 _aBiblioteca nueva
650 4 _aHumorismo español-
_yS.XX.
_913512
830 1 _aBiblioteca nueva
_9184435
852 _aES-MaACL
_jC-4706
999 _c83707
_d83707